Sports Quiz

Random Sports or University Quiz

Ohio State vs. Michigan Quiz Stats

Quiz Updated Sep 1, 2015

Also try: Ohio Cities
Challenge
Share
Tweet
Embed
Score 0/26 Timer 05:00
4 Plays Today
Team Answer % Correct
Ohio StateBuckeyes
95.6%
Ohio StateColumbus
90.9%
Ohio State8
87.8%
Ohio State7
87%
MichiganWolverines
85.4%
MichiganAnn Arbor
82.5%
Michigan3
78.3%
Michigan11
78%
Ohio StateUrban Meyer
76.1%
Ohio StateTroy Smith
69.6%
MichiganJim Harbaugh
66.4%
Ohio State10
63.9%
Ohio StateWoody Hayes
59.8%
Team Answer % Correct
MichiganMaize and Blue
59.2%
Ohio StateScarlet and Gray
58.8%
MichiganCharles Woodson
55.7%
Michigan6
52%
MichiganBo Schembechler
43.4%
Ohio StateOregon Ducks
38.9%
MichiganVirginia Tech
26.6%
Ohio StateRyan Shazier and Bradley Roby
21.4%
MichiganThe Victors
18.2%
Ohio StateCarmen Ohio
16%
MichiganTaylor Lewan
14.6%
Ohio StateAcross the Field
13%
MichiganThe Yellow and Blue
4%

You're not logged in!

Compare scores with friends on all Sporcle quizzes.
Join for Free
OR
Log In

Show Comments

Extras

Top Quizzes Today


Score Distribution

Your Account Isn't Verified!

In order to create a playlist on Sporcle, you need to verify the email address you used during registration. Go to your Sporcle Settings to finish the process.

Report this User

Report this user for behavior that violates our Community Guidelines.

Details: